000 003210000a22001570004500
003 MACL
040 _aMACL
090 _c7389
_d7388
100 _aRandhwa, M.S.
245 _aFlowering Trees
260 _bNatioal Book Trust
_c1965
350 _a9.50
650 _aAgriculture
942 _cBOOK
_k630
951 _o630 BOOK
999 _c7341
_d7341